000 00440nam a22001697a 4500
005 20230114113348.0
008 220209b ||||| |||| 00| 0 eng d
020 _a978-81-923503-0-1
041 _aeng
082 _a615.1
100 _aBOTHARA, DR. K.G AND BOTHARA, DR. K.K
245 _aFUNDAMENTALS OF PHARMACOLOGY [VOL-I]
260 _aPUNE
_bNIRALI PRAKASHAN
300 _aI-14;p
650 _aPHARMACY
_xB.PHARMA
_97083
942 _cBK
999 _c7891
_d7889